|
|
|
|
| LEADER |
01446nam a2200301 a 4500 |
| 001 |
GR-MES12221 |
| 008 |
070515s nyu b 001 0 gre d |
| 020 |
|
|
|a 0879697229
|q (hardcover:alk.paper)
|
| 020 |
|
|
|a 0879697237
|q (pbk.:alk.paper)
|
| 040 |
|
|
|a GrPaTEI
|b gre
|c GR-PaULI
|
| 040 |
|
|
|a GrPaTEI
|b gre
|c GR-PaULI
|
| 082 |
|
0 |
|a 572.6
|2 22
|
| 245 |
0 |
0 |
|a Protein-Protein interactions :
|b A molecular cloning manual ; edited by Erica A. Golemis ; Peter D. Adams.
|
| 250 |
|
|
|a 2nd ed.
|
| 260 |
|
|
|a New York :
|b Cold Spring Harbor Laboratory Press,
|c 2005
|
| 300 |
|
|
|a xiv
|a 938σ. :
|b εικ. ;
|c 29εκ.
|
| 504 |
|
|
|a Περιλαμβάνει βιβλιογραφίες και ευρετήριο.
|
| 650 |
|
0 |
|a Molecular cloning
|
| 650 |
|
0 |
|a Protein binding
|x Physiology
|v Laboratory manuals
|
| 650 |
|
4 |
|a Κλωνοποίηση
|
| 650 |
|
4 |
|a ΜΟΡΙΑΚΗ ΓΕΝΕΤΙΚΗ
|
| 700 |
1 |
|
|a Adams, Peter D.
|
| 700 |
1 |
|
|a Golemis, Erica
|
| 942 |
|
|
|2 ddc
|
| 952 |
|
|
|0 0
|1 0
|2 ddc
|4 0
|6 572_600000000000000_PRO
|7 0
|9 270823
|a MSLG
|b MSLG
|c BSC
|d 2021-01-17
|e 24
|f 0
|g 0.00
|l 0
|o 572.6 PRO
|p 2420000021752
|r 2021-01-17 00:00:00
|t 1
|w 2021-01-17
|y BK15
|x 20070515 0 ΜΑΤΣΙΩΡΗ 1
|x GrPaTEI
|
| 952 |
|
|
|0 0
|1 0
|2 ddc
|4 0
|6 572_600000000000000_PRO
|7 0
|9 270824
|a MSLG
|b MSLG
|c BSC
|d 2021-01-17
|e 24
|f 0
|g 0.00
|l 0
|o 572.6 PRO
|p 2420000021963
|r 2021-01-17 00:00:00
|t 1
|w 2021-01-17
|y BK15
|x 20070627 0 ΜΑΤΣΙΩΡΗ 1
|x GrPaTEI
|
| 971 |
|
|
|a .b2578268x
|b 15-04-20
|c 13-09-16
|
| 999 |
|
|
|c 156467
|d 156467
|